[Event "East Lansing (Class DE/4/9)"]
[Site "?"]
[Date "1995.??.??"]
[Round "?"]
[White "Prince, S."]
[Black "Fowler, B."]
[Result "1-0"]
[WhiteElo "1605"]
[BlackElo "1605"]
[PlyCount "119"]
[EventDate "1995.??.??"]

{4/(9)} 1. d4 Nf6 2. c4 e5 3. dxe5 Ng4 4. Nf3 Bc5 5. e3 Qe7 6. Nc3 Bb4 7. Bd2
Nxe5 8. Nxe5 Qxe5 9. Bd3 Nc6 10. O-O Bd6 11. f4 Qf6 12. Qc2 Nb4 13. Ne4 Nxc2
14. Nxf6+ gxf6 15. Bxc2 b6 16. Be4 Rb8 17. Bc3 Bc5 18. Rae1 Ke7 19. Bf3 d6 20.
b4 Ba6 21. bxc5 Bxc4 22. cxd6+ Kxd6 23. Rd1+ Ke7 24. Rf2 Rbd8 25. Rfd2 Rxd2 26.
Rxd2 Rd8 27. Bxf6+ Kxf6 28. Rxd8 Bxa2 29. Rd7 b5 30. Rxc7 a5 31. Be2 b4 32. Bc4
Bxc4 33. Rxc4 b3 34. Rc6+ Ke7 35. Rb6 a4 36. Rb4 Kd6 37. Rxa4 Kc5 38. Ra3 Kc4
39. Rxb3 Kxb3 40. Kf2 Kc4 41. Kf3 Kd5 42. e4+ Ke6 43. g4 Kf6 44. h4 h6 45. g5+
Kg7 46. f5 h5 47. Kf4 Kh7 48. e5 Kg7 49. e6 f6 50. gxf6+ Kxf6 51. Ke4 Ke7 52.
Ke5 Kf8 53. Kd6 Ke8 54. f6 Kf8 55. Kd7 Kg8 56. e7 Kf7 57. e8=Q+ Kxf6 58. Qxh5
Kg7 59. Qf5 Kh8 60. Qg5 1-0

[Event "Troy (TCC Res/3/18)"]
[Site "?"]
[Date "1995.??.??"]
[Round "?"]
[White "Prince, S."]
[Black "Cischke, J."]
[Result "0-1"]
[WhiteElo "1605"]
[BlackElo "1605"]
[PlyCount "38"]
[EventDate "1995.??.??"]

{3/(18)} 1. e4 c5 2. Nf3 Nc6 3. d4 cxd4 4. Nxd4 Nf6 5. Nc3 d6 6. Bc4 e6 7. O-O
Be7 8. Bg5 Nxe4 9. Bxe7 Qxe7 10. Nxc6 bxc6 11. Nxe4 d5 12. Bxd5 cxd5 13. Ng3
O-O 14. Re1 Ba6 15. Qd4 Rac8 16. Re2 Bxe2 17. Nxe2 Rxc2 18. Ng3 Rfc8 19. h3 Qc5
0-1

[Event "Troy (TCC Res/5/14)"]
[Site "?"]
[Date "1995.??.??"]
[Round "?"]
[White "Prince, S."]
[Black "Biondo, Albert"]
[Result "1/2-1/2"]
[WhiteElo "1605"]
[BlackElo "1605"]
[PlyCount "66"]
[EventDate "1995.??.??"]

{5/(14)} 1. e4 e5 2. Nf3 Nc6 3. Bb5 Nf6 4. O-O Nd4 5. Nxd4 exd4 6. e5 Nd5 7. d3
a6 8. Bc4 c6 9. Bd2 d6 10. Bxd5 cxd5 11. Re1 dxe5 12. Rxe5+ Be6 13. Qe2 Bc5 14.
Bg5 Qd6 15. c4 O-O 16. cxd5 Bxd5 17. Be7 Qg6 18. Rxd5 Bxe7 19. Rxd4 Bc5 20. Re4
Rad8 21. Nc3 f5 22. Re6 Rf6 23. Nd5 Rf7 24. Ne7+ Bxe7 25. Rxe7 Rdf8 26. Rxf7
Qxf7 27. Re1 Qf6 28. Qe6+ Rf7 29. Qxf6 Rxf6 30. f4 Kf7 31. Kf2 Rc6 32. Re2 b5
33. h3 b4 1/2-1/2

[Event "Troy (US Am N/5/28)"]
[Site "?"]
[Date "1995.??.??"]
[Round "?"]
[White "Prince, S."]
[Black "Ball, Ed"]
[Result "0-1"]
[WhiteElo "1605"]
[BlackElo "1960"]
[PlyCount "50"]
[EventDate "1995.??.??"]

{5/(28)} 1. e4 f5 2. d4 e6 3. c4 c5 4. d5 e5 5. Nc3 Nf6 6. Bd3 f4 7. Nf3 d6 8.
g3 fxg3 9. hxg3 Bg4 10. Bg5 Be7 11. Be2 O-O 12. Qd3 Nbd7 13. O-O-O h6 14. Bxh6
gxh6 15. Rxh6 Kg7 16. Rdh1 Nh5 17. R6xh5 Bxh5 18. Rxh5 Rh8 19. Rf5 Nf8 20. Qe3
Rh1+ 21. Kc2 Nh7 22. Nxe5 dxe5 23. Bh5 Kh8 24. Qf3 Rh2 25. Rf7 Ng5 0-1

[Event "Gaylord (NMO/4/14)"]
[Site "?"]
[Date "1995.??.??"]
[Round "?"]
[White "Priebe, Raymond"]
[Black "Rodriguez, M."]
[Result "1-0"]
[WhiteElo "1605"]
[BlackElo "1605"]
[PlyCount "47"]
[EventDate "1995.??.??"]

{4/(14)} 1. d4 Nf6 2. c4 g6 3. Nf3 Bg7 4. Bg5 d6 5. Nc3 O-O 6. e3 c5 7. Be2
cxd4 8. exd4 Qa5 9. O-O Bg4 10. Bd2 Qb6 11. b3 Nc6 12. Be3 Qc7 13. Re1 Bd7 14.
Nd2 e6 15. Nde4 Nxe4 16. Nxe4 Rfe8 17. Rc1 Rad8 18. Bg5 Bxd4 19. Nf6+ Bxf6 20.
Bxf6 Ne7 21. Qd2 Rc8 22. Bg4 g5 23. Qxg5+ Ng6 24. Qh6 1-0

[Event "East Lansing (Class DE/4/19)"]
[Site "?"]
[Date "1995.??.??"]
[Round "?"]
[White "Priebe, Raymond"]
[Black "Miller, J."]
[Result "1/2-1/2"]
[WhiteElo "1605"]
[BlackElo "1605"]
[PlyCount "185"]
[EventDate "1995.??.??"]

{4/(19)} 1. d4 d5 2. c4 e6 3. Nf3 Nf6 4. Bg5 Nbd7 5. Nc3 Bb4 6. Ne5 h6 7. Bh4
g5 8. Qa4 Bxc3+ 9. bxc3 gxh4 10. cxd5 Nxd5 11. Nxd7 Bxd7 12. Qa3 Qe7 13. Qb2 b6
14. e3 a5 15. Bb5 Bxb5 16. Qxb5+ Qd7 17. Qc4 Rg8 18. O-O Nf6 19. h3 Qd5 20.
Qxd5 Nxd5 21. Rfc1 Ke7 22. a3 Rg7 23. c4 Nf6 24. f3 Rag8 25. Ra2 Nh5 26. c5 Ng3
27. cxb6 cxb6 28. Rc6 Rb8 29. e4 Kf8 30. Rac2 Kg8 31. Kf2 Kh7 32. Rc7 Nh5 33.
Ke3 f6 34. d5 exd5 35. Rxg7+ Nxg7 36. exd5 Nf5+ 37. Ke4 Nd6+ 38. Kf4 h5 39. Rc6
Ne8 40. Kf5 Rd8 41. Re6 Rxd5+ 42. Ke4 Re5+ 43. Rxe5 fxe5 44. Kxe5 b5 45. Kd4
Nd6 46. Kc5 b4 47. axb4 axb4 48. Kxb4 Nf5 49. Kc4 Ne3+ 50. Kd4 Nxg2 51. Ke4 Kg6
52. f4 Kf6 53. Kf3 Ne1+ 54. Ke4 Nc2 55. Kd3 Nb4+ 56. Ke4 Na6 57. f5 Nc7 58. Kf4
Ne8 59. Ke4 Ng7 60. Kf4 Nxf5 61. Kf3 Kg5 62. Ke4 Ng3+ 63. Kf3 Nh1 64. Ke3 Ng3
65. Kf3 Nf5 66. Ke4 Ne7 67. Ke5 Ng6+ 68. Ke4 Nf4 69. Kf3 Nxh3 70. Kg2 Kg4 71.
Kh1 Nf4 72. Kh2 h3 73. Kh1 Kg3 74. Kg1 Kg4 75. Kh2 Ne2 76. Kh1 Ng3+ 77. Kh2 Kf3
78. Kxh3 Nf5 79. Kh2 Kf2 80. Kh1 Kg3 81. Kg1 Kh3 82. Kh1 Ng3+ 83. Kg1 h4 84.
Kf2 Kh2 85. Kf3 Nf5 86. Kf2 h3 87. Kf1 Nd4 88. Kf2 Nf3 89. Kf1 Kh1 90. Kf2 h2
91. Kf1 Ne1 92. Kf2 Nf3 93. Kf1 1/2-1/2

[Event "Gaylord (NMO/1/12)"]
[Site "?"]
[Date "1995.??.??"]
[Round "?"]
[White "Priebe, Raymond"]
[Black "Kelly, J."]
[Result "0-1"]
[WhiteElo "1605"]
[BlackElo "1685"]
[PlyCount "79"]
[EventDate "1995.??.??"]

{1/(12)} 1. d4 d5 2. c4 e6 3. Nc3 c6 4. Nf3 Nf6 5. Bg5 Be7 6. e3 Nbd7 7. a3 a5
8. Bd3 O-O 9. O-O b6 10. Re1 Ba6 11. b3 Rc8 12. cxd5 Bxd3 13. Qxd3 exd5 14. a4
Re8 15. Re2 Ne4 16. Bxe7 Qxe7 17. Qc2 Ndf6 18. Nd2 Qd6 19. Ncxe4 dxe4 20. Nc4
Qc7 21. Rc1 Nd5 22. Ne5 Nb4 23. Qxe4 f6 24. f4 fxe5 25. fxe5 Nd5 26. Rf2 Rf8
27. Rcf1 Rxf2 28. Rxf2 Qe7 29. Qg4 Rd8 30. Qe2 c5 31. e4 Nc3 32. Qc4+ Kh8 33.
Qxc3 Rxd4 34. Qf3 Kg8 35. e6 c4 36. e5 cxb3 37. Qxb3 Rb4 38. Qd3 Rxa4 39. Qd7
Ra1+ 40. Rf1 0-1

[Event "East Lansing (Class DE/2/16)"]
[Site "?"]
[Date "1995.??.??"]
[Round "?"]
[White "Priebe, Raymond"]
[Black "Boyer, Mike"]
[Result "0-1"]
[WhiteElo "1605"]
[BlackElo "1605"]
[PlyCount "92"]
[EventDate "1995.??.??"]

{2/(16)} 1. d4 d5 2. c4 dxc4 3. e4 Bd7 4. Bxc4 e6 5. Nf3 Nf6 6. Bg5 Be7 7. Bxf6
Bxf6 8. e5 Be7 9. O-O a6 10. Nc3 Nc6 11. d5 exd5 12. Qxd5 Be6 13. Qxd8+ Rxd8
14. Bxe6 fxe6 15. Ne4 h6 16. Rac1 O-O 17. Nc5 Bxc5 18. Rxc5 Rf4 19. Rfc1 Re4
20. h3 Rd5 21. a3 Rxc5 22. Rxc5 Re2 23. b3 Rb2 24. b4 Ra2 25. b5 axb5 26. Rxb5
Rxa3 27. Rxb7 Ra7 28. Rxa7 Nxa7 29. Nd4 Kf7 30. f4 c5 31. Ne2 Nc6 32. Kf2 Ke7
33. Ke3 Kd7 34. Kd3 Kc7 35. Kc4 Kb6 36. f5 Nxe5+ 37. Kc3 exf5 38. Nf4 g5 39.
Nd3 Nxd3 40. Kxd3 Kb5 41. Kc3 h5 42. Kb3 g4 43. hxg4 fxg4 44. Kc3 h4 45. Kd3 h3
46. gxh3 gxh3 0-1

[Event "Grand Rapids (MI Am/5/36)"]
[Site "?"]
[Date "1995.??.??"]
[Round "?"]
[White "Praveen, K."]
[Black "Nolan, M."]
[Result "1-0"]
[WhiteElo "1605"]
[BlackElo "1605"]
[PlyCount "79"]
[EventDate "1995.??.??"]

{5/(36)} 1. e4 e5 2. Nf3 Nc6 3. Bc4 Bc5 4. d3 Nf6 5. Ng5 O-O 6. Nc3 d6 7. Qf3
g6 8. Be3 Bg4 9. Qg3 Nd4 10. Bxd4 exd4 11. Nd5 Nxd5 12. Qxg4 Nf6 13. Qf4 Bb4+
14. Ke2 Qe7 15. a3 Nh5 16. Qg4 Bc5 17. h4 Rad8 18. Qf3 c6 19. g4 b5 20. Bxf7+
Rxf7 21. Nxf7 Qxf7 22. Qxf7+ Kxf7 23. gxh5 gxh5 24. Rhg1 a5 25. b4 axb4 26.
axb4 Bxb4 27. Ra7+ Ke6 28. Rxh7 Rf8 29. Rxh5 Bc3 30. Rhg5 b4 31. h5 Rb8 32. f4
Ra8 33. Rg7 Rf8 34. h6 Rxf4 35. Rh1 d5 36. exd5+ Kxd5 37. Rg6 Rf5 38. h7 Re5+
39. Kd1 c5 40. h8=Q 1-0

[Event "Grand Rapids (MI Am/2/45)"]
[Site "?"]
[Date "1995.??.??"]
[Round "?"]
[White "Praveen, K."]
[Black "Nichols, D."]
[Result "1-0"]
[WhiteElo "1605"]
[BlackElo "1605"]
[PlyCount "117"]
[EventDate "1995.??.??"]

{2/(45)} 1. e4 d6 2. d4 b6 3. Bc4 Ba6 4. Bb3 e6 5. Qf3 Bb7 6. Nc3 c6 7. Nh3 h6
8. Bf4 Ne7 9. O-O-O d5 10. exd5 cxd5 11. Rhe1 a6 12. Qh5 Qd7 13. Be5 Ng6 14. f4
Kd8 15. g4 Nc6 16. f5 Ngxe5 17. fxe6 fxe6 18. dxe5 Ne7 19. Nf4 g5 20. Ng6 Qe8
21. Nxh8 Qxh5 22. gxh5 Ke8 23. Ng6 Nxg6 24. hxg6 Kd7 25. Rg1 Be7 26. h4 Rg8 27.
Rdf1 Rxg6 28. Rf7 b5 29. Rgf1 g4 30. R1f6 Ke8 31. Rxg6 Kxf7 32. Rxg4 h5 33.
Rf4+ Kg6 34. a4 b4 35. Ne2 Bc5 36. Kd2 Bb6 37. Rf6+ Kg7 38. Rxe6 Bf2 39. Re7+
Kg6 40. Rxb7 Bxh4 41. Bxd5 Kf5 42. e6 Ke5 43. e7 Bg5+ 44. Kd3 Bxe7 45. Rxe7+
Kxd5 46. Rh7 Kc5 47. Rxh5+ Kb6 48. a5+ Kc6 49. Kc4 Kb7 50. Kxb4 Ka7 51. Kc5 Kb7
52. Rh7+ Kc8 53. Kc6 Kd8 54. Kd6 Ke8 55. Ke6 Kd8 56. Re7 Kc8 57. Kd6 Kb8 58.
Kc6 Kc8 59. Re8# 1-0

[Event "Detroit (MI Action/4/17)"]
[Site "?"]
[Date "1995.??.??"]
[Round "?"]
[White "Powell, Antione"]
[Black "Wood, C."]
[Result "0-1"]
[WhiteElo "1605"]
[BlackElo "1605"]
[PlyCount "72"]
[EventDate "1995.??.??"]

{4/(17)} 1. e4 c5 2. Nf3 Nc6 3. d4 cxd4 4. Nxd4 Nf6 5. Nc3 g6 6. Nxc6 bxc6 7.
Bd3 d6 8. O-O Bg7 9. Bf4 O-O 10. e5 dxe5 11. Bxe5 Be6 12. Ba6 Qb6 13. Bd3 Qxb2
14. Na4 Qxe5 15. Re1 Qd4 16. Nb2 Qxb2 17. Rb1 Qc3 18. Be2 Bf5 19. Rc1 Rfd8 20.
Bd3 c5 21. Qe2 Bxd3 22. cxd3 Qxd3 23. Qxd3 Rxd3 24. Rxe7 Rad8 25. g3 Rd1+ 26.
Rxd1 Rxd1+ 27. Kg2 c4 28. Rxa7 c3 29. Rc7 Nd5 30. Rc8+ Bf8 31. Rc4 Rd2 32. Kf1
Bb4 33. Ke1 c2 34. Kf1 Rd1+ 35. Ke2 c1=Q 36. Rxc1 Rxc1 0-1

[Event "Detroit (MI Action/2/19)"]
[Site "?"]
[Date "1995.??.??"]
[Round "?"]
[White "Powell, Antione"]
[Black "Shaw, L."]
[Result "1-0"]
[WhiteElo "1605"]
[BlackElo "1605"]
[PlyCount "59"]
[EventDate "1995.??.??"]

{2/(19)} 1. e4 c5 2. Nf3 Nc6 3. Bc4 g6 4. Nc3 Bg7 5. d3 a6 6. Ng5 Nh6 7. Qf3
Ne5 8. Qe2 O-O 9. Bd5 e6 10. Bb3 Qc7 11. O-O Neg4 12. g3 b5 13. Bf4 e5 14. Nd5
Qd8 15. Bd2 Bb7 16. f3 Nf6 17. Nxf6+ Bxf6 18. h4 d5 19. Nh3 Bg7 20. Bg5 Qd7 21.
g4 f6 22. Bd2 a5 23. exd5 a4 24. g5 fxg5 25. hxg5 Qxh3 26. gxh6 axb3 27. hxg7
Kxg7 28. Qxe5+ Kg8 29. Bc3 Rf7 30. Qh8# 1-0

[Event "Detroit (MI Action/6/22)"]
[Site "?"]
[Date "1995.??.??"]
[Round "?"]
[White "Powell, Antione"]
[Black "Ngu, H."]
[Result "1-0"]
[WhiteElo "1605"]
[BlackElo "1605"]
[PlyCount "107"]
[EventDate "1995.??.??"]

{6/(22)} 1. e4 c5 2. Nf3 Nc6 3. d4 Nf6 4. d5 Nb4 5. e5 Nfxd5 6. a3 Qa5 7. axb4
Qxa1 8. Bd2 cxb4 9. Bc4 e6 10. O-O Qxb2 11. Bg5 d6 12. Qe1 Be7 13. Bxe7 Kxe7
14. Nbd2 Qxc2 15. Nd4 Qg6 16. Nb5 dxe5 17. Qxe5 Rd8 18. Nc7 Nxc7 19. Qxc7+ Rd7
20. Qc5+ Ke8 21. Bb5 b6 22. Qc7 a6 23. Bxd7+ Bxd7 24. Nc4 Qc2 25. Nd6+ Ke7 26.
Qxc2 Kxd6 27. Rd1+ Ke7 28. Qc7 Rd8 29. Qxb6 Rc8 30. Qxb4+ Kf6 31. g3 Bc6 32.
Rc1 h5 33. Qb6 g5 34. Rxc6 Rxc6 35. Qxc6 a5 36. Qc3+ Kf5 37. Qxa5+ Kg4 38. Kg2
h4 39. f3+ Kh5 40. gxh4 Kxh4 41. Qe1+ Kh5 42. h3 f5 43. Qxe6 f4 44. Qg4+ Kg6
45. h4 Kf6 46. hxg5+ Kg6 47. Qxf4 Kh5 48. Qg4+ Kg6 49. f4 Kg7 50. f5 Kf7 51.
g6+ Kf6 52. g7 Ke5 53. g8=Q Kf6 54. Q8g7# 1-0

[Event "Detroit (CMS Jun/2/4/4)"]
[Site "?"]
[Date "1995.??.??"]
[Round "?"]
[White "Powell, Antione"]
[Black "Goerke, Daniel"]
[Result "1-0"]
[WhiteElo "1605"]
[BlackElo "1605"]
[PlyCount "97"]
[EventDate "1995.??.??"]

{2/4} 1. e4 e5 2. Nf3 d6 3. d4 exd4 4. Nxd4 Nf6 5. Nc3 Bg4 6. f3 c5 7. Bb5+ Bd7
8. Bg5 cxd4 9. Nd5 Be7 10. Qxd4 Bxb5 11. Qb4 a6 12. O-O-O Nxd5 13. Rxd5 Bxg5+
14. f4 Nc6 15. Qd2 Bf6 16. e5 dxe5 17. Rxd8+ Rxd8 18. Qe3 Nb4 19. fxe5 Nxa2+
20. Kb1 Be7 21. Kxa2 Bc4+ 22. b3 Bd5 23. Rd1 h6 24. Rf1 Bxg2 25. Rf2 Bg5 26.
Qe2 Bc6 27. e6 O-O 28. Qf1 Bb5 29. c4 Kh8 30. cxb5 axb5 31. Qe1 Bh4 32. e7 Bxe7
33. Qxe7 Rde8 34. Qxb7 Re5 35. Rxf7 Rg8 36. Qc7 Re2+ 37. Ka3 Rxh2 38. Qxh2 Ra8+
39. Kb4 Kg8 40. Qh1 Rb8 41. Qf1 h5 42. Qf4 Rb6 43. Rf8+ Kh7 44. Qf5+ g6 45.
Qf7+ Kh6 46. Rh8+ Kg5 47. Rf8 h4 48. Qf4+ Kh5 49. Rh8# 1-0

[Event "East Lansing (MOR/5/15)"]
[Site "?"]
[Date "1995.??.??"]
[Round "?"]
[White "Post, Robert"]
[Black "Piasecki, Vince"]
[Result "1-0"]
[WhiteElo "1750"]
[BlackElo "1605"]
[PlyCount "57"]
[EventDate "1995.??.??"]

{5/(15)} 1. d4 Nf6 2. Bg5 e6 3. e4 Be7 4. Nc3 d5 5. Bxf6 Bxf6 6. e5 Be7 7. Nf3
O-O 8. Ne2 c5 9. c3 Nc6 10. a3 b6 11. Ng3 cxd4 12. cxd4 f6 13. Rc1 fxe5 14.
Rxc6 e4 15. Ne5 b5 16. Be2 Qa5+ 17. Qd2 Qxd2+ 18. Kxd2 Rxf2 19. Rg1 Bg5+ 20.
Ke1 Be3 21. Ng4 Rxe2+ 22. Nxe2 Bxg1 23. Nxg1 e5 24. Nxe5 Bb7 25. Rc7 Ba6 26.
Nc6 Rc8 27. Ne7+ Kf8 28. Nxc8 Bxc8 29. Rxc8+ 1-0

[Event "East Lansing (MOR/1a/3)"]
[Site "?"]
[Date "1995.??.??"]
[Round "?"]
[White "Post, Robert"]
[Black "Martell, Raul"]
[Result "1/2-1/2"]
[WhiteElo "1750"]
[BlackElo "1605"]
[PlyCount "69"]
[EventDate "1995.??.??"]

1. d4 d5 2. e4 e6 3. e5 c5 4. c3 Nc6 5. Nf3 Qb6 6. Be2 Bd7 7. O-O Rc8 8. a3
cxd4 9. cxd4 Nge7 10. b4 Nf5 11. Bb2 Be7 12. h3 O-O 13. Re1 Rc7 14. Bd3 Nh4 15.
Nxh4 Bxh4 16. Qh5 Bxf2+ 17. Kxf2 g6 18. Qh4 Rfc8 19. Nd2 Nxb4 20. axb4 Qxb4 21.
Bc1 Rxc1 22. Raxc1 Qxd2+ 23. Be2 Rxc1 24. Rxc1 g5 25. Rd1 Qxe2+ 26. Kxe2 gxh4
27. Rc1 Bc6 28. Rc5 Kg7 29. Kf3 h5 30. Kf4 Kg6 31. Rc1 a5 32. Rc5 a4 33. Ra5 b5
34. Ra6 Bd7 35. Rd6 1/2-1/2

[Event "East Lansing (MOR/3/37)"]
[Site "?"]
[Date "1995.??.??"]
[Round "?"]
[White "Post, Robert"]
[Black "Gregg, Ted"]
[Result "1-0"]
[WhiteElo "1750"]
[BlackElo "1605"]
[PlyCount "55"]
[EventDate "1995.??.??"]

{3/(37)} 1. d4 d5 2. e4 e6 3. e5 c5 4. c3 Nc6 5. Nf3 cxd4 6. cxd4 Bb4+ 7. Nc3
Nge7 8. a3 Bxc3+ 9. bxc3 O-O 10. Bd3 h6 11. h4 f5 12. exf6 Rxf6 13. Ne5 Nxe5
14. dxe5 Rf8 15. Qg4 Kh8 16. Rh3 Nf5 17. Bg5 Qe8 18. Kd2 Bd7 19. Rah1 h5 20.
Qe2 g6 21. g4 Ne7 22. Bf6+ Kg8 23. gxh5 Rxf6 24. exf6 Nf5 25. hxg6 Qf8 26. f7+
Kg7 27. h5 Nh6 28. Qe5# 1-0

[Event "Ann Arbor (MI Women/4/4)"]
[Site "?"]
[Date "1995.??.??"]
[Round "?"]
[White "Post, L."]
[Black "Zarzycki, Katherine"]
[Result "1-0"]
[WhiteElo "1605"]
[BlackElo "1605"]
[PlyCount "67"]
[EventDate "1995.??.??"]

{4/(4)} 1. d4 d5 2. e3 Nf6 3. c4 Nc6 4. Nf3 e6 5. Nc3 dxc4 6. Bxc4 Bb4 7. O-O
O-O 8. a3 Bxc3 9. bxc3 e5 10. dxe5 Ne4 11. Bb2 Nxe5 12. Nxe5 Qg5 13. Qb3 Qxe5
14. Rad1 Bh3 15. Bd5 Rad8 16. c4 Bxg2 17. Bxe5 Nc5 18. Qa2 Bxd5 19. cxd5 c6 20.
dxc6 Rde8 21. Bd6 Na4 22. cxb7 Nc3 23. Qb3 Ne2+ 24. Kg2 Re6 25. Bxf8 Rg6+ 26.
Kf3 Rb6 27. Qxb6 axb6 28. Rd8 Nd4+ 29. exd4 h5 30. Be7+ Kh7 31. h4 Kg6 32. Rg1+
Kf5 33. Rg5+ Ke6 34. Re5# 1-0

[Event "Ann Arbor (MLS Jul/1/2)"]
[Site "?"]
[Date "1995.??.??"]
[Round "?"]
[White "Poschel, Paul"]
[Black "Shiu, L."]
[Result "1-0"]
[WhiteElo "2245"]
[BlackElo "1630"]
[PlyCount "51"]
[EventDate "1995.??.??"]

{1/(2)} 1. c4 Nf6 2. Nc3 g6 3. e4 d6 4. d4 Bg7 5. f4 O-O 6. Nf3 c5 7. dxc5 Qa5
8. Bd3 Qxc5 9. Qe2 e5 10. fxe5 dxe5 11. Be3 Qa5 12. O-O Nc6 13. Nd5 Ng4 14. Bd2
Qc5+ 15. Kh1 Nd4 16. Nxd4 exd4 17. Bb4 Qxb4 18. Nxb4 Ne3 19. Nd5 Bg4 20. Qd2
Rae8 21. Nxe3 dxe3 22. Qxe3 f5 23. h3 fxe4 24. Rxf8+ Kxf8 25. hxg4 exd3 26.
Rf1+ 1-0

[Event "Ann Arbor (MLS Jul/3/1)"]
[Site "?"]
[Date "1995.??.??"]
[Round "?"]
[White "Poschel, Paul"]
[Black "Gardner, J."]
[Result "1-0"]
[WhiteElo "2245"]
[BlackElo "2310"]
[PlyCount "60"]
[EventDate "1995.??.??"]

{3/(1)} 1. c4 e5 2. Nc3 Nc6 3. e3 g6 4. d4 Bg7 5. d5 Nce7 6. d6 cxd6 7. Qxd6
Nh6 8. e4 O-O 9. Nf3 f6 10. Be2 Nf7 11. Qa3 f5 12. Bd2 d6 13. O-O-O Bd7 14. Ng5
Nc8 15. Nxf7 Rxf7 16. f3 Be6 17. Be3 Rd7 18. Kb1 f4 19. Bf2 Bf8 20. Nd5 a6 21.
Rd2 Rb8 22. Qc3 b5 23. cxb5 axb5 24. Rc1 Rdb7 25. b4 Ne7 26. Qb3 Nxd5 27. exd5
Bf5+ 28. Bd3 Qf6 29. Be4 Bxe4+ 30. fxe4 Qd8 1-0

[Event "Eastpointe (MCO/5/9)"]
[Site "?"]
[Date "1995.??.??"]
[Round "?"]
[White "Pope, Nick"]
[Black "Sobocinski, Mike"]
[Result "1/2-1/2"]
[WhiteElo "1795"]
[BlackElo "2005"]
[PlyCount "80"]
[EventDate "1995.??.??"]

{5/(9)} 1. d4 d5 2. c4 e6 3. Nc3 Nf6 4. Bg5 Be7 5. Nf3 O-O 6. e3 Nbd7 7. Bd3 h6
8. Bh4 c6 9. O-O dxc4 10. Bxc4 Nd5 11. Bxe7 Qxe7 12. Rc1 Nxc3 13. bxc3 e5 14.
Bb3 e4 15. Nd2 Nf6 16. Nb1 Bg4 17. Qd2 Rfe8 18. c4 Rad8 19. Bd1 Bf5 20. Be2 b6
21. Qc3 Nh7 22. Rfe1 Qg5 23. f4 exf3 24. Bxf3 Be4 25. Nd2 f5 26. Nxe4 fxe4 27.
Bd1 Re6 28. Bb3 Rg6 29. Rc2 Kh8 30. c5 Qh4 31. Qd2 Ng5 32. Kh1 Rf8 33. Rg1 Rgf6
34. cxb6 axb6 35. Qc1 Rf2 36. Rxf2 Rxf2 37. Qxc6 Rf8 38. Qxb6 Qf2 39. Qc5 Nh3
40. gxh3 Qf3+ 1/2-1/2

[Event "Eastpointe (MCO/3/22)"]
[Site "?"]
[Date "1995.??.??"]
[Round "?"]
[White "Pope, Nick"]
[Black "Haygood, Norman"]
[Result "1-0"]
[WhiteElo "1795"]
[BlackElo "1605"]
[PlyCount "145"]
[EventDate "1995.??.??"]

{3/(22)} 1. e4 c6 2. d4 d5 3. exd5 cxd5 4. Bd3 Nc6 5. c3 Nf6 6. h3 g6 7. Nf3
Bg7 8. Qc2 O-O 9. Bf4 Re8 10. O-O Nh5 11. Bh2 e5 12. dxe5 Nxe5 13. Nxe5 Bxe5
14. Bxe5 Rxe5 15. Nd2 Nf4 16. Nf3 Re7 17. Nd4 Nxh3+ 18. gxh3 Bxh3 19. f4 Bxf1
20. Rxf1 Re3 21. Nf3 Qd6 22. Ne5 Qf6 23. Qf2 Rh3 24. Ng4 Qh4 25. Qxh4 Rxh4 26.
Nf6+ Kg7 27. Nxd5 Rd8 28. Bc4 Rh5 29. Rd1 Rf5 30. Bb3 g5 31. fxg5 Rxg5+ 32. Kf2
h5 33. Rg1 Rxg1 34. Kxg1 Re8 35. Nf4 h4 36. Kf2 f5 37. Bd5 b6 38. Ne6+ Kf6 39.
Nd4 Kg5 40. Nf3+ Kg4 41. Nd4 h3 42. Bf3+ Kg5 43. Kg3 Rh8 44. Ne6+ Kf6 45. Nf4
h2 46. Nh3 Rd8 47. Kxh2 Rd2+ 48. Kg3 Rxb2 49. Bd5 Rc2 50. Kf4 Rxc3 51. Nf2 a5
52. Nd1 Rd3 53. Bb3 Rd4+ 54. Ke3 Ke5 55. Nf2 a4 56. Bg8 b5 57. Nd3+ Rxd3+ 58.
Kxd3 Kf4 59. Bd5 Kg3 60. Kc3 f4 61. Kb4 f3 62. Kxb5 f2 63. Bc4 Kg2 64. Kxa4
f1=Q 65. Bxf1+ Kxf1 66. Kb5 Ke2 67. a4 Kd3 68. a5 Kd4 69. Kb6 Kd5 70. a6 Kd6
71. a7 Ke7 72. a8=Q Kf7 73. Qe4 1-0

[Event "Lansing (Mini-Swiss.1/1)"]
[Site "?"]
[Date "1995.??.??"]
[Round "?"]
[White "Pope, Nick"]
[Black "Garrison, Ray"]
[Result "0-1"]
[WhiteElo "1795"]
[BlackElo "1900"]
[PlyCount "74"]
[EventDate "1995.??.??"]

{1/(1)} 1. e4 e6 2. d4 d5 3. exd5 exd5 4. Nf3 Bd6 5. Bd3 Ne7 6. O-O O-O 7. c4
dxc4 8. Bxc4 Bg4 9. Nc3 c6 10. Bg5 Kh8 11. Ne4 f6 12. Bd2 Nf5 13. Nxd6 Qxd6 14.
Qb3 Bxf3 15. Bb4 Nxd4 16. Bxd6 Nxb3 17. Bxf8 Nxa1 18. Rxa1 Nd7 19. Bxg7+ Kxg7
20. gxf3 Ne5 21. Be2 Rd8 22. Rd1 Rxd1+ 23. Bxd1 Nd3 24. b3 Kh6 25. Kg2 Kg5 26.
Kg3 f5 27. h4+ Kf6 28. f4 Nb4 29. a3 Nd5 30. Be2 Nc3 31. Bd3 Nb5 32. a4 Nd4 33.
Bc4 b5 34. Bf1 Nxb3 35. axb5 cxb5 36. Bxb5 a5 37. Kf3 Nd4+ 0-1

[Event "Eastpointe (MCO/1/29)"]
[Site "?"]
[Date "1995.??.??"]
[Round "?"]
[White "Pope, Nick"]
[Black "DeBlasio, N."]
[Result "1-0"]
[WhiteElo "1795"]
[BlackElo "1605"]
[PlyCount "59"]
[EventDate "1995.??.??"]

{1/(29)} 1. e4 Nf6 2. Nc3 Nc6 3. Nf3 e5 4. Bb5 Nd4 5. Bc4 Nxf3+ 6. Qxf3 Bc5 7.
d3 h6 8. Qg3 Kf8 9. f4 d6 10. h3 Bd4 11. Ne2 exf4 12. Qxf4 g5 13. Qf1 Bb6 14.
Bd2 Rg8 15. Ng3 Bd4 16. c3 Bb6 17. O-O-O Be6 18. Bxe6 fxe6 19. h4 Ke7 20. hxg5
hxg5 21. Nh5 Qf8 22. Qe2 Nxh5 23. Rxh5 Kd7 24. Rf1 Qe7 25. Qg4 Raf8 26. Rfh1
Kc8 27. Bxg5 Qe8 28. Rh6 Kd7 29. Rxe6 Qxe6 30. Rh7+ 1-0

[Event "Troy (TCC Res/3/19)"]
[Site "?"]
[Date "1995.??.??"]
[Round "?"]
[White "Poniatowski, Don"]
[Black "Williams, C."]
[Result "0-1"]
[WhiteElo "1605"]
[BlackElo "1605"]
[PlyCount "60"]
[EventDate "1995.??.??"]

{3/(19)} 1. e4 c5 2. c3 Nc6 3. Nf3 g6 4. d4 cxd4 5. cxd4 Bg7 6. Nc3 Qb6 7. d5
Nd4 8. Be3 Nxf3+ 9. gxf3 Qxb2 10. Bd4 Bxd4 11. Qxd4 Qxa1+ 12. Ke2 f6 13. Bg2
Qb2+ 14. Ke3 Qb6 15. Qxb6 axb6 16. Rb1 Ra3 17. Kd3 Ra6 18. Bh3 e5 19. d6 Nh6
20. Nd5 O-O 21. Nxb6 Rxa2 22. Nxd7 Bxd7 23. Bxd7 Rxf2 24. Be6+ Nf7 25. d7 Rxf3+
26. Ke2 Ra3 27. Rxb7 Raa8 28. Rc7 Kg7 29. Bxf7 Rxf7 30. Rc8 Ra2+ 0-1

[Event "Troy (TCC Res/5/16)"]
[Site "?"]
[Date "1995.??.??"]
[Round "?"]
[White "Poniatowski, Don"]
[Black "Jankowski, A."]
[Result "0-1"]
[WhiteElo "1605"]
[BlackElo "1605"]
[PlyCount "116"]
[EventDate "1995.??.??"]

{5/(16)} 1. e4 d6 2. d4 Nf6 3. Nc3 a6 4. Nf3 Nc6 5. h3 h6 6. Bc4 Na7 7. a4 e6
8. O-O Be7 9. Re1 O-O 10. e5 Nh7 11. Bf4 Bd7 12. Qd2 Nc6 13. d5 dxe5 14. Nxe5
Nxe5 15. Bxe5 Qc8 16. Re4 Bd6 17. dxe6 Bxe6 18. Bxd6 cxd6 19. Bxe6 fxe6 20.
Qxd6 Rf6 21. Rd1 Ng5 22. Re3 Kh8 23. Red3 Qg8 24. Qb6 Nf7 25. Qxb7 Rf8 26. Ne4
Rf4 27. g3 Rf5 28. R1d2 Ne5 29. f4 Nxd3 30. Rxd3 Rb8 31. Qxa6 Rxb2 32. Qc4 e5
33. Qc3 Rb1+ 34. Kg2 exf4 35. g4 Rf8 36. Rd6 f3+ 37. Kf2 Kh7 38. Qd3 Kh8 39.
Qd4 Qh7 40. Rd8 Rxd8 41. Qxd8+ Qg8 42. Qxg8+ Kxg8 43. Kxf3 Ra1 44. Ke3 Rxa4 45.
c3 Kf7 46. Kd3 Ra2 47. Kd4 Rh2 48. g5 h5 49. Kd5 Rxh3 50. c4 Rd3+ 51. Kc5 h4
52. Nf2 Rf3 53. Ng4 Rf5+ 54. Kb6 Rxg5 55. c5 Rxg4 56. c6 Rc4 57. c7 Ke7 58. Kb7
Kd7 0-1

[Event "Flint (MI Senior/1/5)"]
[Site "?"]
[Date "1995.??.??"]
[Round "?"]
[White "Poniatowski, Don"]
[Black "Carr, J."]
[Result "0-1"]
[WhiteElo "1605"]
[BlackElo "1730"]
[PlyCount "94"]
[EventDate "1995.??.??"]

{1/(5)} 1. e4 c5 2. c3 Nf6 3. e5 Nd5 4. d4 e6 5. Nf3 Nc6 6. Be2 Be7 7. O-O Qc7
8. Re1 d6 9. Bb5 Bd7 10. Qd3 a6 11. Bc4 Nb6 12. Bf4 d5 13. Bb3 c4 14. Bxc4 Nxc4
15. b3 Nb6 16. Nbd2 h6 17. h3 O-O-O 18. Rec1 g5 19. Bh2 Rdg8 20. Nf1 h5 21. g3
g4 22. hxg4 hxg4 23. Ne1 Qd8 24. Rc2 Rg6 25. f3 Qg8 26. f4 Rh5 27. a4 Kb8 28.
Rf2 Rgh6 29. Raa2 Qh7 30. Qxh7 Rxh7 31. Nd3 Nc8 32. Ne3 Rg7 33. Kf1 Rh3 34. Rg2
Rh8 35. Raf2 Na5 36. b4 Nc4 37. Nxc4 dxc4 38. Nb2 Bc6 39. Kg1 b5 40. axb5 axb5
41. Nd1 Bxg2 42. Rxg2 Kb7 43. Ne3 Nb6 44. Rf2 Nd5 45. f5 Nxe3 46. f6 Bxf6 47.
exf6 Rgh7 0-1